| 000 | 01030nam0a22002531 4500 | ||
|---|---|---|---|
| 001 | rc\2730734 | ||
| 005 | 20250529133647.0 | ||
| 035 | _a(NLR Aleph) 006858108 | ||
| 090 |
_a6818685 _c6818685 |
||
| 100 | _a20110915d1937 |||y0rusy50 ca | ||
| 101 | 0 | _arus | |
| 102 | _aRU | ||
| 105 | _ay j ||||| | ||
| 200 | 1 |
_aМетодическое письмо консультанту в совхозе к лекции "Работа редколлегии стенной газеты" _fСост. С. Данилин _g"Крестьян. газ.". Заоч. курсы ред. совхоз. стенгаз. |
|
| 210 |
_aМосква _cизд. и тип. изд-ва "Крестьян. газ." _d1937 |
||
| 215 |
_a12, [2] с. _d17х13 см. |
||
| 700 | 1 |
_aДанилин _bС.С. _gСергей Степанович |
|
| 712 | 0 | 2 | _aЗаочные курсы ред. совхоз. газет (Москва) |
| 801 | 0 |
_aRU _bNLR _gpsbo |
|
| 801 | 1 |
_aRU _bELAR _2rusmarc |
|
| 852 |
_aNLR _j37-9/749 |
||
| 942 | _cBOOK | ||
| 980 | _aNB | ||